header

The 39 Clues (Record no. 265926)

MARC details
000 -LEADER
fixed length control field 00206nam a22000977a 4500
020 ## - INTERNATIONAL STANDARD BOOK NUMBER
ISBN 9780545521420
100 ## - MAIN ENTRY--AUTHOR NAME
Personal name Jeff Hirsch
245 ## - TITLE STATEMENT
Title The 39 Clues
260 ## - PUBLICATION, DISTRIBUTION, ETC. (IMPRINT)
Place of publication New York
Name of publisher Scholastic
Year of publication 2014
942 ## - ADDED ENTRY ELEMENTS (KOHA)
Koha item type Long Loan Books
Holdings
Withdrawn status Lost status Collection code Home library Current library Shelving location Date acquired Accession Number Koha item type
    Fiction Rongo University Library Rongo University Library Children's Area 20/02/2026 CL20250102 Long Loan Books

© 2026 Rongo University
Contact us: librarian | system librarian | Rongo university